000 00325nam a2200133Ia 4500
008 240624s9999 xx 000 0 und d
041 _aeng
082 _a658.81 ZIG
100 _aZIGLAR ZIG
245 _aSECRETS OF CLOSING THE SALE
260 _c2016
_aMumbai
_bEmbassy Books
300 _a424 p.; 23 cm.
365 _cRS
_b25
999 _c31888
_d31888